Score 0/20 Timer 03:00
1 Play Today
TV Show Missing Word % Correct
Saturday _____ LiveNight
97.2%
The Walking _____Dead
97.1%
Pretty _____ LiarsLittle
95.8%
So You Think You Can _____Dance
95.1%
One Tree _____Hill
93%
Miami _____Vice
92.4%
_____ Horror StoryAmerican
89.1%
Avatar: The _____ AirbenderLast
88.6%
The _____ ZoneTwilight
83.8%
Fantasy _____Island
81.5%
TV Show Missing Word % Correct
_____ FamilyModern
79.7%
_____ ShadowsDark
76.4%
_____ RunwayProject
70.1%
Top _____Gear
69.6%
_____ SailsBlack
68%
_____ JordanCrossing
66.6%
_____ MarsVeronica
61.5%
The _____ Adventures of Billy & MandyGrim
37.3%
The _____ World of Alex MackSecret
37%
_____ Happy TVTrigger
35.6%

Today's Daily Dose

Missing Word
Movies EA - EZ

Word Ladder
Bedtime!

You're not logged in!

Compare scores with friends on all Sporcle quizzes.
OR
Log In

Sporcle TV

Today on Sporcle TV


Watch our educational content, quiz creation guides, and fun videos on Sporcle TV.

Show Comments

Extras

Top Quizzes Today


Score Distribution

Paid Content

Your Account Isn't Verified!

In order to create a playlist on Sporcle, you need to verify the email address you used during registration. Go to your Sporcle Settings to finish the process.

Report this User

Report this user for behavior that violates our Community Guidelines.

Details: